Länder auf dem Nördlichen Wendekreis - Statistiken

Allgemein
  • Dieses Quiz wurde 56 mal gespielt
  • Das Durchschnittsergebnis liegt bei 13 aus 18
Antwortstatistiken
Land % Korrekt
Indien
98%
Mexiko
93%
Saudi-Arabien
93%
China
91%
Marokko
89%
Ägypten
87%
Algerien
87%
Libyen
87%
Oman
73%
Myanmar
69%
Bangladesch
67%
Mali
67%
Taiwan
67%
Niger
60%
Tschad
60%
Vereinigte Arabische Emirate
58%
Bahamas
53%
Mauretanien
24%
Keine übereinstimmenden Quizze gefunden
Verteilung der Resultate
Anzahl Personen mit jedem Resultat
Perzentil nach korrekt beantworteten Fragen
Ihre Resultats-Entwicklung
Sie haben dieses Quiz noch nicht gespielt